00840nam a22002417a 45000010005000000030006000050050017000110080041000280200018000690400029000870500019001160820014001351000027001492450029001762600050002053000061002555050007003165200173003235210021004965210018005176500031005356500032005669845FISKH20260304124659.0260304b cb ||||| |||| 00| 0 eng d a9780064438568 aFISKHbengcFISKHdFISKH aPZ7 .L15957 .R a641.30022 aLaMarche, Jim eAuthor aThe raft /cJim LaMarche aNew York :bHarper Collins Publishers ,c2000 a34 unnumbered pages :bcolor illustrations ;c24 x 28 cm aN  aReluctuant Nicky spends a wonderful summer with Grandma who introduces him to the joy of rafting down the river near her home and watching the animals along the banks. 8 a540 bLexile AD 8 aN bRaz-Plus  aRealistic fiction vRivers aNature study vPicture book